| 000 | 00990nam a2200265Ia 4500 | ||
|---|---|---|---|
| 003 | OSt | ||
| 005 | 20220923211220.0 | ||
| 006 | a|||||r|||| 00| 0 | ||
| 007 | ta | ||
| 008 | 220922b |||||||| |||| 00| 0 hin d | ||
| 020 |
_a9788126726011 (hbk) _c600 |
||
| 024 | _a284,996 | ||
| 037 |
_bBR8586, 30/03/2015, Rajkamal Prakashan Pvt. Ltd _cTextual |
||
| 040 |
_aARTS _cARTS _bhin |
||
| 041 |
_2hin _ahin |
||
| 082 | _aO152,3v, Q4 | ||
| 100 |
_aराय, गोपाल _9159794 |
||
| 245 | 0 |
_aहिन्दी कहानी का इतिहास - 3 _b 1976 - 2 |
|
| 246 | _aHindī kahānī kā itihās - 3: 1976 - 2 | ||
| 260 |
_aनयी दिल्ली _b राजकमल प्रकाशन _c2014 |
||
| 300 |
_a427पृ. _ccm. |
||
| 650 |
_aहिन्दी साहित्य _9156264 |
||
| 942 |
_hO152,3v, Q4 _cTEXL _2CC |
||
| 999 |
_c297064 _d297064 |
||